000 01770cam a22004337a 4500
003 CHAP
005 20220329140915.0
008 971013s1979 r 00010 d
010 _a59610
011 _a60582
035 _a64744
040 _cCHAP
082 _a551.45
_bC65Y
100 0 0 _aCloudsley-Thompson, J. L.
_923917
245 1 3 _aEl hombre y la biología de zonas áridas
260 _aBarcelona :
_bBlume,
_c1979
300 _a255 p.
_b: ilus.
490 0 _aBlume ecología
500 _ac.8 sust. por Fundamentos de ecología. Odum E.P. c.1
590 _aBATCH-UPD
_b10
_c20130110
_lUCH01
_h1711
590 _aBATCH-UPD
_b10
_c20130410
_lUCH01
_h1057
590 _aBATCH-UPD
_b10
_c20130914
_lUCH01
_h1002
590 _aCONVERSION
_b10
_c20130109
_lUCH01
_h1332
650 1 4 _aDesiertos
_xEcología.
_932149
650 1 4 _aRegiones áridas.
_995669
830 0 _aBlume ecología
_913230
901 _aBK
942 _cLIBRO
949 _a551.45 C65Y
_bBC
_cLIBRO
_d-141692
_eLIBRO
_fc.3
_h48402
_i64744
_si
949 _a551.45 C65Y
_bBC
_cLIBRO
_d33724000435293
_eLIBRO
_fc.5
_h49045
_i64744
_si
949 _a551.45 C65Y
_bBC
_cLIBRO
_d33724000435301
_eLIBRO
_fc.11
_h49663
_i64744
_si
949 _a551.45 C65Y
_bBC
_cLIBRO
_d33724000435319
_eLIBRO
_fc.13
_h49665
_i64744
_si
949 _a551.45 C65Y
_bBC
_cLIBRO
_d33724000435327
_eLIBRO
_fc.14
_h49666
_i64744
_si
949 _a551.45 C65Y
_bBC
_cLIBRO
_d33724000435335
_eLIBRO
_fc.15
_h49667
_i64744
_si
949 _a551.45 C65Y
_bBC
_cLIBRO
_d33724000435343
_eLIBRO
_fc.16
_h49668
_i64744
_si
949 _a551.45 C65Y
_bBC
_cLIBRO
_d33724000435459
_eLIBRO
_fc.4
_h49044
_i64744
_si
949 _a551.45 C65Y
_bBC
_cLIBRO
_d33724000435483
_eLIBRO
_fc.6
_h49046
_i64744
_si
949 _a551.45 C65Y
_bBC
_cLIBRO
_d33724000919213
_eLIBRO
_fc.9
_h49661
_i64744
_si
999 _c59610
_d59610